000 00474nam a2200133Ia 4500
008 170221s9999 xx 000 0 und d
100 _aAlla Kushniryk Stan Orlov.
245 _aHealth and Culture: Factors Influencing Immigrant Women’s Health Beliefs and Health Behaviour
245 _cAlla Kushniryk Stan Orlov.
260 _bOnline Journal of Communication and Media Technologies
650 _xCommunication
650 _xMedia Arts
856 _uhttp://www.ojcmt.net/
999 _c312419
_d312419